|
|
|
|
| LEADER |
00637cam a2200193 7i4500 |
| 001 |
0000006420 |
| 005 |
19991025090000.0 |
| 002 |
##000008108 |
| 020 |
0 |
0 |
|a T000006184
|
| 090 |
0 |
0 |
|a MAT 330.9
|b FAC
|
| 090 |
0 |
0 |
|a FIJI 330.9
|b FAC
|
| 245 |
0 |
0 |
|a MATRADE business handbook :
|b Republic of Fiji.
|
| 260 |
0 |
0 |
|a Kuala Lumpur:
|b MATRADE,
|c [199-].
|
| 300 |
0 |
0 |
|a 80p..
|
| 650 |
0 |
0 |
|a Fiji --
|x Economic conditions
|
| 651 |
0 |
0 |
|a Fiji, Republic of.
|
| 999 |
|
|
|a 0000008354
|b Book
|c Open shelf
|e Business Information Centre
|
| 999 |
|
|
|a 0000008353
|b Book
|c Open shelf
|e Business Information Centre
|
| 999 |
|
|
|a 0000008352
|b Book
|c Open shelf
|e Business Information Centre
|